00699nam a2200217Ia 4500001000700000008004100007020001800048035001400066041000800080084001300088100002200101245009500123260006600218300003500284490002500319650001300344650001700357650002300374650001300397710007100410002134221003s1993 xx 000 0 spa d a84-393-2676-9 aCENDO_164 aspa aCD-00794 aPUIG JUNOY, Jaume 0aCrecimiento, empleo y tecnología en el sector hospitalario español /cJaime Puig Junoy aBarcelona :bDepartament de Sanitat i Seguretat Social,c1993 a235 p. : bil., tab. ;c 24 cm aFulls econòmi ;v6 aHOSPITAL aFINANCIACION aCAMBIO TECNOLOGICO aESPAÑA aCATALUÑAbGeneralitatbDepartament de Sanitat i Seguretat Social